| 000 | 01251nam a22003497a 4500 | ||
|---|---|---|---|
| 003 | CHAP | ||
| 005 | 20220329135747.0 | ||
| 008 | 971013s1979 r 00010 d | ||
| 010 | _a41633 | ||
| 011 | _a42605 | ||
| 035 | _a46734 | ||
| 040 | _cCHAP | ||
| 090 | _aTesis | ||
| 100 | 0 | 0 |
_aMuñoz Pérez, Gerardo. _979656 |
| 245 |
_aEstimación de las funciones de demanda de semillas mejoradas en México _b: para los cultivos de arroz, frijol, maíz, sorgo, soya y trigo |
||
| 260 |
_aChapingo, Méx. : _bEl autor, _c1979 |
||
| 300 | _a151 h | ||
| 502 | _aTesis (M.C. Esp. en Economía Agrícola) -- SARH. Colegio de Postgraduados. Centro de Economía Agrícola | ||
| 590 |
_aALEPH _b10 _c20130110 _lUCH01 _h1310 |
||
| 590 |
_aBATCH-UPD _b10 _c20130110 _lUCH01 _h1735 |
||
| 590 |
_aBATCH-UPD _b10 _c20130410 _lUCH01 _h1116 |
||
| 590 |
_aBATCH-UPD _b10 _c20130914 _lUCH01 _h0913 |
||
| 590 |
_aCONVERSION _b10 _c20130109 _lUCH01 _h1323 |
||
| 650 | 1 | 4 |
_aCereales _xSemilla. _921465 |
| 650 | 1 | 4 |
_aFrijol _xSemilla. _943433 |
| 650 | 1 | 4 |
_aSemillas _xMercadeo _xMéxico. _9103919 |
| 901 | _aBK | ||
| 942 | _cFOLL | ||
| 949 |
_bBC _cTES _d-106491 _eTS1 _i46734 _si |
||
| 949 |
_bBC _cTES _d-106492 _eTS2 _fc.2 _i46734 _si |
||
| 949 |
_bBC _cTES _d-106493 _eTS2 _fc.3 _i46734 _si |
||
| 999 |
_c41633 _d41633 |
||